[Event "XII Figueira da Foz Open 2018"]
[Site "Figueira da Foz"]
[Date "2018.11.03"]
[Round "8"]
[White "Bouxo, Luis Antonio Maximi"]
[Black "Louzao Brea, Jose Luis"]
[Result "0-1"]
[WhiteElo "1585"]
[BlackElo "1835"]
[Annotator "NA RC"]
[PlyCount "57"]
[EventDate "2018.10.30"]
[EventType "swiss"]
[EventCountry "POR"]
[SourceTitle "playchess.com"]
[Source "ChessBase"]
[SourceQuality "1"]
[TimeControl "40/5400+30:1800+30"]

{[%evp 15,57,-9,-4,-32,43,8,48,44,66,24,12,-28,0,0,0,0,12,0,32767,0,32767,0,41,15,13,5,16,0,-1,-3,20,32767,0,-9,0,32767,32767,32767,32767,32767,32767,-12,-7,-14]} 1. d4 {[%emt 0:00:00]} e6 {[%emt 0:07:36]} 2. c4 {[%emt 0:00:55]} Nf6 {[%emt 0:00:21]} 3. Nc3 {[%emt 0:00:41]} Bb4 {[%emt 0:00:41]} 4. Qc2 {[%emt 0:02:28]} c5 {[%emt 0:00:38]} 5. e3 {[%emt 0:02:18]} Nc6 {[%emt 0:01:12]} 6. Nf3 {[%emt 0:03:29]} cxd4 {[%emt 0:01:00]} 7. exd4 {[%emt 0:00:35]} b6 {[%emt 0:00:22] E38: Nimzoindisch (4.Dc2)} (7... d5 8. Be3 O-O 9. Bd3 dxc4 10. Bxc4 b6 11. O-O Bb7 12. Rad1 Na5 13. Be2 Rc8 14. a3 Be4 15. Bd3 Bxf3 16. gxf3 Bxc3 17. bxc3 {0-1 (47) Ortin Blanco,A (1992)-Andres Gonzalez,A (2511) Villava 2017}) 8. Bg5 {[%emt 0:06:31]} Bb7 {[%emt 0:01:20]} 9. Rd1 $146 {[%emt 0:05:08]} ({Vorgänger:} 9. Bd3 h6 10. Bh4 Be7 11. a3 Nh5 12. Bxe7 Qxe7 13. O-O Nf4 14. Be4 Qf6 15. d5 {½-½ (50) Cea Calero,P-March Espinos,V Spain 1997}) 9... Be7 {[%emt 0:02:09]} (9... Bxc3+ $15 10. bxc3 Na5) 10. Be2 {[%emt 0:06:54]} Rc8 {[%emt 0:02:01]} 11. O-O {[%emt 0:00:58]} h6 {[%emt 0:03:27]} 12. Bh4 {[%emt 0:02:03]} (12. Bxf6 $5 Bxf6 13. d5 $16) 12... O-O {[%emt 0:00:48]} 13. Qd2 {[%emt 0:05:48]} d5 {[%emt 0:02:30]} 14. Bxf6 {[%emt 0:03:58]} Bxf6 {[%emt 0:00:35]} 15. cxd5 {[%emt 0:00:14]} exd5 {[%emt 0:00:54]} 16. Rfe1 {[%emt 0:04:58]} Qd7 {[%emt 0:04:39]} 17. Bb5 {[%emt 0:04:44]} Rfd8 {[%emt 0:02:02]} 18. Re3 {[%emt 0:04:58]} Qg4 {[%emt 0:02:34]} 19. Bxc6 {[%emt 0:01:13]} Bxc6 {[%emt 0:02:47]} 20. Rde1 {[%emt 0:01:43]} Qf5 {[%emt 0:04:27]} 21. Ne2 {[%emt 0:01:02]} Bd7 {[%emt 0:01:35]} 22. Nc3 {[%emt 0:04:32]} Qh5 {[%emt 0:02:10]} 23. Ne2 {[%emt 0:10:04]} Qf5 {[%emt 0:04:40]} 24. Rc3 {[%emt 0:01:04]} Rc4 {[%emt 0:07:17]} 25. Ng3 {[%emt 0:02:31]} Qg4 {[%emt 0:01:58]} 26. h3 {[%emt 0:01:22]} Qg6 {[%emt 0:00:30]} 27. Rxc4 {[%emt 0:00:30]} dxc4 {[%emt 0:00:30]} 28. Ne5 {[%emt 0:00:30]} Bxe5 {[%emt 0:00:30]} 29. dxe5 $11 {[%emt 0:00:30]} 0-1

[Event "XII Figueira da Foz Open 2018"]
[Site "Figueira da Foz"]
[Date "2018.11.03"]
[Round "8"]
[White "Soares, Sara Joana De Moura"]
[Black "Dias, Jose Oliveira Gaspa"]
[Result "1-0"]
[WhiteElo "1481"]
[BlackElo "1605"]
[Annotator "NA RC"]
[PlyCount "73"]
[EventDate "2018.10.30"]
[EventType "swiss"]
[EventCountry "POR"]
[SourceTitle "playchess.com"]
[Source "ChessBase"]
[SourceQuality "1"]
[TimeControl "40/5400+30:1800+30"]

1. e4 {[%emt 0:00:00]} c6 {[%emt 0:01:56]} 2. d4 {[%emt 0:00:00]} d5 {[%emt 0:00:24]} 3. e5 {[%emt 0:00:00]} Bf5 {[%emt 0:02:13]} 4. h4 {[%emt 0:01:01]} h6 {[%emt 0:01:13]} 5. g4 {[%emt 0:00:38]} Bh7 {[%emt 0:01:47]} 6. e6 {[%emt 0:02:40]} fxe6 {[%emt 0:01:06]} 7. Nf3 {[%emt 0:01:46]} Qd6 {[%emt 0:02:21]} 8. Bd3 {[%emt 0:12:30]} Bxd3 {[%emt 0:14:07]} 9. Qxd3 {[%emt 0:00:02]} Nd7 {[%emt 0:00:12]} 10. Qg6+ {[%emt 0:10:54]} Kd8 {[%emt 0:00:05]} 11. Qf7 {[%emt 0:01:26]} Ngf6 {[%emt 0:01:14]} 12. g5 {[%emt 0:04:01]} hxg5 {[%emt 0:03:28]} 13. Nxg5 {[%emt 0:01:05]} Kc7 {[%emt 0:04:09]} 14. Nxe6+ Kb6 {[%emt 0:00:12]} 15. c3 {[%emt 0:04:57]} Rh5 {[%emt 0:06:42]} 16. Bf4 {[%emt 0:02:03]} Re5+ {[%emt 0:01:40]} 17. Bxe5 {[%emt 0:02:00]} Nxe5 {[%emt 0:00:04]} 18. dxe5 {[%emt 0:01:55]} Qxe5+ {[%emt 0:00:03]} 19. Kd1 {[%emt 0:05:05]} Nd7 {[%emt 0:06:13]} 20. Nd4 {[%emt 0:05:34]} Qe4 {[%emt 0:00:58]} 21. Qf3 {[%emt 0:01:45]} Qh7 {[%emt 0:04:18]} 22. Qf5 {[%emt 0:00:01]} Qxf5 {[%emt 0:02:20]} 23. Nxf5 {[%emt 0:02:29]} g6 {[%emt 0:00:07]} 24. Nd4 {[%emt 0:01:03]} e5 {[%emt 0:00:31]} 25. Ne6 {[%emt 0:02:32]} Bh6 {[%emt 0:02:06]} 26. a4 {[%emt 0:00:20]} a6 {[%emt 0:00:48]} 27. Nd2 {[%emt 0:03:48]} e4 {[%emt 0:00:32]} 28. a5+ {[%emt 0:02:01]} Ka7 {[%emt 0:00:05]} 29. Kc2 {[%emt 0:01:45]} Re8 {[%emt 0:00:06]} 30. Ng5 {[%emt 0:00:53]} Rf8 {[%emt 0:02:30]} 31. Raf1 {[%emt 0:05:01]} Ne5 {[%emt 0:00:17]} 32. Nb3 {[%emt 0:02:51]} Nd3 {[%emt 0:00:14]} 33. f3 {[%emt 0:02:57]} Bxg5 {[%emt 0:00:12]} 34. hxg5 {[%emt 0:00:14]} Rf5 {[%emt 0:00:40]} 35. fxe4 {[%emt 0:00:36]} dxe4 {[%emt 0:00:30]} 36. Rxf5 {[%emt 0:00:28]} gxf5 {[%emt 0:00:02]} 37. g6 {[%emt 0:00:32]} 1-0

[Event "XII Figueira da Foz Open 2018"]
[Site "Figueira da Foz"]
[Date "2018.11.03"]
[Round "8"]
[White "Moes Joaquim, Carlos"]
[Black "Ferreira, Cristina"]
[Result "1-0"]
[WhiteElo "1415"]
[BlackElo "1069"]
[Annotator "NA RC"]
[PlyCount "66"]
[EventDate "2018.10.30"]
[EventType "swiss"]
[EventCountry "POR"]
[SourceTitle "playchess.com"]
[Source "ChessBase"]
[SourceQuality "1"]
[TimeControl "40/5400+30:1800+30"]

1. d4 {[%emt 0:02:35]} Nf6 {[%emt 0:00:13]} 2. c4 {[%emt 0:00:12]} e5 {[%emt 0:00:35]} 3. d5 {[%emt 0:01:26]} Bb4+ {[%emt 0:02:06]} 4. Bd2 {[%emt 0:00:37]} Bc5 {[%emt 0:03:17]} 5. e3 {[%emt 0:02:15]} d6 {[%emt 0:03:21]} 6. Nc3 {[%emt 0:00:32]} O-O {[%emt 0:04:48]} 7. Bd3 {[%emt 0:02:34]} Bg4 {[%emt 0:10:46]} 8. Nge2 {[%emt 0:00:25]} Qd7 {[%emt 0:04:08]} 9. O-O {[%emt 0:03:03]} Na6 {[%emt 0:03:16]} 10. Rc1 {[%emt 0:01:25]} Rfe8 {[%emt 0:05:18]} 11. Bc2 {[%emt 0:07:10]} Re7 {[%emt 0:13:16]} 12. Kh1 {[%emt 0:00:46]} Rae8 {[%emt 0:03:16]} 13. Ba4 {[%emt 0:00:57]} c6 {[%emt 0:01:43]} 14. a3 {[%emt 0:00:47]} Nc7 {[%emt 0:09:45]} 15. f3 {[%emt 0:10:27]} Bh5 {[%emt 0:00:30]} 16. b4 {[%emt 0:01:12]} Bb6 {[%emt 0:00:23]} 17. Ng3 {[%emt 0:08:37]} Bg6 {[%emt 0:00:50]} 18. Qe2 {[%emt 0:01:22]} Nh5 {[%emt 0:00:35]} 19. Nxh5 {[%emt 0:05:01]} Bxh5 {[%emt 0:00:16]} 20. Rfd1 {[%emt 0:03:02]} Qf5 {[%emt 0:00:40]} 21. dxc6 {[%emt 0:02:44]} Rb8 {[%emt 0:01:07]} 22. cxb7 {[%emt 0:00:35]} Rxb7 {[%emt 0:00:45]} 23. g4 {[%emt 0:01:01]} Qg5 {[%emt 0:02:40]} 24. Ne4 {[%emt 0:04:18]} Qh6 {[%emt 0:01:31]} 25. gxh5 {[%emt 0:01:29]} Re6 {[%emt 0:02:08]} 26. Ng3 {[%emt 0:01:12]} Rb8 {[%emt 0:02:23]} 27. Rg1 {[%emt 0:08:24]} Rd8 {[%emt 0:00:48]} 28. c5 {[%emt 0:01:26]} d5 {[%emt 0:09:15]} 29. cxb6 {[%emt 0:00:30]} Na6 {[%emt 0:02:04]} 30. b7 {[%emt 0:00:34]} Ree8 {[%emt 0:02:43]} 31. Bxe8 {[%emt 0:02:12]} Qe6 {[%emt 0:01:49]} 32. Bb5 {[%emt 0:01:10]} Nb8 {[%emt 0:04:26]} 33. Qg2 {[%emt 0:00:17]} Qe8 1-0

[Event "XII Figueira da Foz Open 2018"]
[Site "Figueira da Foz"]
[Date "2018.11.03"]
[Round "8"]
[White "Goncalves, Lucas Jordao"]
[Black "Morais, Mario Martins Freit"]
[Result "1-0"]
[WhiteElo "1401"]
[BlackElo "1766"]
[Annotator "NA RC"]
[PlyCount "38"]
[EventDate "2018.10.30"]
[EventType "swiss"]
[EventCountry "POR"]
[SourceTitle "playchess.com"]
[Source "ChessBase"]
[SourceQuality "1"]
[TimeControl "40/5400+30:1800+30"]

1. e4 g6 2. d4 Bg7 3. Nf3 c5 4. Be3 Nc6 5. Nc3 cxd4 6. Nxd4 Qa5 7. Qd2 Nf6 8. f3 d6 9. O-O-O Bd7 10. h4 Nxd4 11. Bxd4 h5 12. Kb1 Rc8 13. g3 Be6 14. Bb5+ Kf8 15. Be2 Bh6 16. f4 Nxe4 17. Qd3 Rxc3 18. Qxe4 Bf5 19. Bxc3 Qxa2+ 1-0

[Event "XII Figueira da Foz Open 2018"]
[Site "Figueira da Foz"]
[Date "2018.11.03"]
[Round "8"]
[White "Fonseca, Rene Gil Bakker"]
[Black "Dong, Fabio"]
[Result "0-1"]
[WhiteElo "1378"]
[BlackElo "1273"]
[Annotator "NA RC"]
[PlyCount "108"]
[EventDate "2018.10.30"]
[EventType "swiss"]
[EventCountry "POR"]
[SourceTitle "playchess.com"]
[Source "ChessBase"]
[SourceQuality "1"]
[TimeControl "40/5400+30:1800+30"]

1. e4 {[%emt 0:00:00]} c5 {[%emt 0:00:00]} 2. Nf3 {[%emt 0:00:00]} e6 {[%emt 0:00:00]} 3. Nc3 {[%emt 0:00:09]} Nc6 {[%emt 0:00:00]} 4. d4 {[%emt 0:00:14]} cxd4 {[%emt 0:00:04]} 5. Nxd4 {[%emt 0:00:26]} a6 {[%emt 0:00:10]} 6. Bf4 {[%emt 0:00:55]} Bb4 {[%emt 0:06:02]} 7. Nxc6 {[%emt 0:00:28]} dxc6 {[%emt 0:03:09]} 8. Qxd8+ {[%emt 0:02:11]} Kxd8 {[%emt 0:00:48]} 9. O-O-O+ {[%emt 0:01:33]} Ke8 {[%emt 0:01:33]} 10. Rd3 {[%emt 0:14:21]} Nf6 {[%emt 0:01:16]} 11. f3 Ke7 {[%emt 0:05:46]} 12. Be2 {[%emt 0:09:45]} Bd7 {[%emt 0:04:46]} 13. Rhd1 {[%emt 0:01:47]} Rac8 {[%emt 0:08:18]} 14. Na4 {[%emt 0:11:34]} Ba5 {[%emt 0:02:34]} 15. Bd6+ {[%emt 0:04:28]} Ke8 {[%emt 0:01:05]} 16. Nc5 {[%emt 0:01:48]} Bc7 {[%emt 0:14:26]} 17. Nxb7 {[%emt 0:05:26]} Rb8 {[%emt 0:05:28]} 18. Nc5 {[%emt 0:01:34]} Bxd6 {[%emt 0:00:45]} 19. Rxd6 {[%emt 0:00:38]} Rd8 {[%emt 0:00:21]} 20. Bxa6 {[%emt 0:02:41]} Ke7 {[%emt 0:01:29]} 21. Kb1 {[%emt 0:04:48]} Bc8 {[%emt 0:03:23]} 22. Rxd8 {[%emt 0:03:57]} Rxd8 {[%emt 0:00:20]} 23. Rxd8 {[%emt 0:00:43]} Kxd8 {[%emt 0:00:12]} 24. Bxc8 {[%emt 0:02:23]} Kxc8 {[%emt 0:00:09]} 25. a4 {[%emt 0:00:30]} Kc7 {[%emt 0:00:06]} 26. b4 {[%emt 0:00:19]} Kb6 {[%emt 0:02:24]} 27. c4 {[%emt 0:00:58]} Ne8 {[%emt 0:01:24]} 28. Kc2 {[%emt 0:01:09]} Nd6 {[%emt 0:00:13]} 29. Kc3 {[%emt 0:00:36]} h6 {[%emt 0:01:32]} 30. a5+ {[%emt 0:01:34]} Ka7 {[%emt 0:01:13]} 31. g4 {[%emt 0:03:48]} e5 {[%emt 0:01:04]} 32. Nd7 {[%emt 0:01:02]} f6 {[%emt 0:00:34]} 33. Kd3 {[%emt 0:01:53]} Ka6 {[%emt 0:01:23]} 34. Nc5+ {[%emt 0:00:40]} Ka7 {[%emt 0:00:13]} 35. Kc3 {[%emt 0:02:12]} Kb8 {[%emt 0:01:18]} 36. Na4 {[%emt 0:02:22]} Kb7 {[%emt 0:00:13]} 37. Kb3 {[%emt 0:00:36]} Ka6 {[%emt 0:00:51]} 38. c5 {[%emt 0:01:38]} Nb5 {[%emt 0:00:14]} 39. Kc4 {[%emt 0:01:26]} Nd4 {[%emt 0:00:12]} 40. Nc3 {[%emt 0:00:00]} g6 {[%emt 0:00:00]} 41. Na4 {[%emt 0:01:41]} Nxf3 {[%emt 0:03:33]} 42. Nb6 {[%emt 0:00:30]} Nxh2 {[%emt 0:00:25]} 43. Nc8 {[%emt 0:01:18]} Nf3 {[%emt 0:01:45]} 44. Nd6 {[%emt 0:00:34]} Nd4 {[%emt 0:00:11]} 45. Ne8 {[%emt 0:01:22]} f5 {[%emt 0:01:05]} 46. exf5 {[%emt 0:01:13]} gxf5 {[%emt 0:00:13]} 47. gxf5 {[%emt 0:00:32]} Nxf5 {[%emt 0:00:04]} 48. Nf6 {[%emt 0:02:06]} Ng3 {[%emt 0:00:36]} 49. b5+ {[%emt 0:00:39]} cxb5+ {[%emt 0:00:12]} 50. Kd5 {[%emt 0:02:39]} e4 {[%emt 0:01:22]} 51. c6 {[%emt 0:01:05]} e3 {[%emt 0:00:14]} 52. c7 {[%emt 0:01:10]} Kb7 {[%emt 0:00:13]} 53. a6+ {[%emt 0:00:23]} Kxc7 {[%emt 0:00:10]} 54. Ne8+ {[%emt 0:00:28]} Kb6 {[%emt 0:00:13]} 0-1

[Event "XII Figueira da Foz Open 2018"]
[Site "Figueira da Foz"]
[Date "2018.11.04"]
[Round "9"]
[White "Del Rio De Angelis, Salvador G."]
[Black "Vassallo Barroche, Mauricio"]
[Result "1/2-1/2"]
[WhiteElo "2547"]
[BlackElo "2378"]
[Annotator "TA"]
[PlyCount "19"]
[EventDate "2018.10.30"]
[EventType "swiss"]
[EventCountry "POR"]
[SourceTitle "playchess.com"]
[Source "ChessBase"]
[SourceQuality "1"]

{[%evp 17,19,18,19,-1241]} 1. d4 d5 2. c4 e6 3. Nc3 Nf6 {[%cal Bg8f6,Bf6e4,Be4c3][%mdl 32]} 4. Bg5 Be7 5. e3 O-O 6. Nf3 h6 7. Bh4 Ne4 8. Bxe7 Qxe7 9. Rc1 Nxc3 {LiveBook: 261 Games. D56: Queen's Gambit Declined: Lasker Defence} 10. Ra1 $146 {[%mdl 40960] An unexpected result.} (10. Rxc3 $11 Nc6 11. h3) ({Predecessor:} 10. Rxc3 c6 11. g4 dxc4 12. Bxc4 Nd7 13. g5 hxg5 14. Rg1 f6 15. h4 g4 16. Rxg4 Nb6 17. Bb3 Nd5 18. Rc1 e5 {½-½ (36) Wojtaszek,R (2733)-Jakovenko,D (2712) Poikovsky 2016}) 1/2-1/2

[Event "XII Figueira da Foz Open 2018"]
[Site "Figueira da Foz"]
[Date "2018.11.04"]
[Round "9"]
[White "Rotstein, Arkadij"]
[Black "Sismeiro, Miguel"]
[Result "1-0"]
[WhiteElo "2476"]
[BlackElo "2008"]
[Annotator "TA"]
[PlyCount "67"]
[EventDate "2018.10.30"]
[EventType "swiss"]
[EventCountry "POR"]
[SourceTitle "playchess.com"]
[Source "ChessBase"]
[SourceQuality "1"]

{[%evp 19,67,62,83,49,48,38,26,37,43,36,137,118,116,96,101,90,170,62,62,55,50,70,58,0,114,123,144,127,377,157,133,132,275,285,270,219,220,233,223,225,229,228,570,546,29984,29985,29984,29984,29997,591]} 1. Nf3 d5 2. g3 Nf6 3. Bg2 Bg4 4. c4 c6 5. cxd5 cxd5 6. Ne5 Bf5 7. Nc3 e6 8. g4 Bg6 9. h4 h6 {A11: English Opening: 1...c6} (9... Bd6 10. d4 Ne4 11. Qa4+ Kf8 12. Nxe4 Bxe4 13. f3 Bg6 14. h5 f6 15. hxg6 fxe5 16. dxe5 Bxe5 17. f4 Bd6 18. f5 exf5 19. gxf5 Bg3+ 20. Kd1 h5 21. Qb3 Be5 22. Qxb7 Nd7 23. Bg5 Qe8 24. Qb4+ {1-0 (24) Suarez Garcia,C (2462)-Cifuentes Parada,R (2474) Linares 2017}) 10. Nxg6 fxg6 {LiveBook: 4 Games} 11. Qc2 {Hoping for g5.} Kf7 $1 {White is slightly better.} 12. g5 $146 ({Predecessor:} 12. h5 g5 13. Qg6+ Kg8 14. e4 Nc6 15. exd5 Ne7 16. Qc2 Nexd5 17. d4 {½-½ (25) Parmentier,X (2291)-Sermier,G (2366) France 2007}) 12... hxg5 13. hxg5 Rxh1+ 14. Bxh1 Ng4 ({Better is} 14... Ne8 $14) 15. d4 {Black must now prevent Qd3.} Qc7 {Threatens to win with ...Qh2.} 16. Qd3 ({And not} 16. Bf3 Qh2 $17) 16... Qh2 17. Qf3+ Kg8 (17... Ke8 $16) 18. Qxg4 (18. e3 $1 $18) 18... Qxh1+ $14 19. Kd2 Nc6 20. Qxe6+ Kh7 21. b3 (21. Qxd5 $14 Qh4 22. Qe4 Qxf2 23. d5) 21... Qh5 (21... Qh4 $1 $11 {remains equal.}) 22. Bb2 $36 {[%mdl 2048] White is in control.} ({But not} 22. Qxd5 $2 Rd8 $19) 22... Qxg5+ 23. e3 Qh4 $2 (23... Qg2 $16) 24. Rf1 (24. Rg1 $18) 24... Rd8 25. Nxd5 {Nf4 is the strong threat.} Rd6 (25... Bb4+ $16 26. Nxb4 Nxb4) 26. Qf7 $1 $18 {[%csl LRb7,LRf8]} Qh3 27. Ke1 {Strongly threatening Nf4.} ({Worse is} 27. Qxf8 Rxd5 28. Ke1 Qg2 $11) 27... Nd8 28. Qxf8 Rxd5 29. Qf4 Ne6 {[#]} 30. Qe4 $1 {And now Rh1 would win.} Rh5 $2 {[#]} (30... Qf5 {is tougher.} 31. Qh1+ Qh5) 31. d5 $1 {[%cal Rd5e6]} Ng5 32. Qe7 $1 {[%csl Gb2,LRb7,LRg7][%cal Re7g7] White mates.} Nf3+ 33. Ke2 {[%csl Gb2][%cal Re7g7]} Kh6 34. Bxg7+ {Precision: White = 55%, Black = 34%.} 1-0

[Event "XII Figueira da Foz Open 2018"]
[Site "Figueira da Foz"]
[Date "2018.11.04"]
[Round "9"]
[White "Martin Duque, Jesus"]
[Black "Perez Garcia, Rodney Oscar"]
[Result "1/2-1/2"]
[WhiteElo "2354"]
[BlackElo "2362"]
[Annotator "TA"]
[PlyCount "79"]
[EventDate "2018.10.30"]
[EventType "swiss"]
[EventCountry "POR"]
[SourceTitle "playchess.com"]
[Source "ChessBase"]
[SourceQuality "1"]

{[%evp 26,79,19,14,22,17,54,41,41,44,47,24,30,29,35,35,33,18,29,23,31,30,31,31,34,30,32,35,46,16,22,23,31,33,25,21,23,24,47,5,4,4,6,0,0,0,0,0,0,0,0,0,0,0,0,0]} 1. d4 d5 2. c4 c6 3. cxd5 cxd5 4. Nc3 Nf6 5. Bf4 Nc6 6. e3 a6 7. Bd3 Bg4 8. Nge2 e6 9. O-O Bd6 10. f3 {D10: Slav Defence: 3 cxd5 (without early Nf3) and 3 Nc3} Bh5 11. Rc1 Bg6 12. Bxd6 Qxd6 13. Nf4 Bxd3 14. Nxd3 {LiveBook: 14 Games} O-O 15. Na4 {[%cal Bc3a4,Ba4c5,Bc5b3,Bb3d4][%mdl 32]} e5 16. dxe5 Nxe5 17. Nxe5 Qxe5 18. Qd2 $146 Rfe8 19. Rfe1 Rac8 20. Nc5 Qe7 21. Nb3 Rc4 22. Nd4 Rec8 23. b3 Rxc1 24. Rxc1 Rxc1+ 25. Qxc1 g6 26. Kf2 h5 27. g3 Ne8 28. Qc8 Kh7 29. b4 h4 30. a4 hxg3+ 31. hxg3 Ng7 32. b5 (32. Qc5 $5 {[%cal Rc5e7]} Qxc5 33. bxc5 $14) 32... axb5 {The position is equal.} 33. axb5 Ne8 $1 34. b6 Nd6 35. Qc7 Qf6 36. g4 {And now g5! would win.} Nc4 37. g5 Qxg5 38. Qxf7+ Kh6 39. Qf8+ Kh7 40. Qf7+ {Precision: White = 60%, Black = 77%.} 1/2-1/2

[Event "XII Figueira da Foz Open 2018"]
[Site "Figueira da Foz"]
[Date "2018.11.04"]
[Round "9"]
[White "Veiga, Jose Francisco R P "]
[Black "Piasetski, Leon"]
[Result "1-0"]
[WhiteElo "2272"]
[BlackElo "2252"]
[Annotator "TA"]
[PlyCount "105"]
[EventDate "2018.10.30"]
[EventType "swiss"]
[EventCountry "POR"]
[SourceTitle "playchess.com"]
[Source "ChessBase"]
[SourceQuality "1"]

{[%evp 15,105,48,58,31,57,67,98,0,0,0,0,-10,-6,-37,-25,-60,-72,-53,-18,-50,-21,-137,-51,-57,-51,-56,-47,-42,-58,-47,-44,-101,-68,-135,-27,-38,-64,-192,-9,-44,78,76,79,68,101,89,100,96,87,83,107,104,120,117,151,149,145,156,195,139,250,166,166,130,237,239,246,247,268,256,367,367,399,367,367,367,367,367,731,627,729,656,735,724,926,910,887,899,12837,12836,12837,12837]} 1. e4 g6 2. d4 Bg7 3. Nc3 d6 4. Be3 a6 5. h4 h6 6. Qd2 {B06: Modern Defence} b5 7. f3 Nd7 8. O-O-O (8. Nh3 Nb6 9. O-O-O b4 10. Nd5 Nxd5 11. exd5 Bxh3 12. Rxh3 Nf6 13. Bc4 Qb8 14. g4 Qb7 15. Kb1 Nxd5 16. Bxd5 Qxd5 17. Qxb4 {0-1 (69) Kryvoruchko,Y (2689)-Petrosian,T (2601) Riadh 2017}) 8... Bb7 {LiveBook: 48 Games} 9. d5 c5 10. dxc6 $1 Bxc6 11. Bd4 (11. h5 $1 $16) 11... Bxd4 $11 12. Qxd4 Ngf6 13. g4 Qb6 14. Qd2 $146 ({Predecessor:} 14. Nge2 Rc8 15. a3 Bb7 {½-½ (15) Gulbas,C (2377)-Yilmazyerli,M (2450) Kocaeli 2015}) 14... b4 15. Nd5 Bxd5 16. exd5 Qc5 17. Nh3 Ne5 18. g5 (18. Be2 $11) 18... Nh5 (18... Nxf3 $17 19. Qe2 hxg5 20. Qxf3 g4) 19. f4 $15 Nf3 20. Qd3 $1 {[%cal Rd3f3]} Nxh4 21. Be2 Ng7 22. gxh6 Ngf5 23. Rd2 ({Better is} 23. Ng5 $15) 23... Qe3 24. Qc4 ({White should try} 24. Qxe3 $15 Nxe3 25. Ng5 Rxh6 26. Rd3) 24... O-O (24... Kf8 $17 {And now ...Ng3 would win.} 25. Ng5 Rxh6) 25. Ng5 Ng2 26. Bd3 (26. Rf1 $15) 26... Rfc8 $2 ({Weaker is} 26... Nxf4 27. Bxf5 gxf5 28. Qb3 $11) ({And not} 26... Qxf4 27. Qxf4 Nxf4 28. Bxf5 $14) (26... Ng3 $1 $19 {[%cal Rg3h1]} 27. Rhd1 Nxf4) 27. Qxb4 {Bxf5 is the strong threat.} Nxf4 (27... Ng3 $1 $15 {keeps the upper hand.} 28. h7+ Kg7 29. h8=Q+ Rxh8 30. Qc3+ f6 31. Ne6+ Kf7) 28. Bxf5 $16 gxf5 {[#]} 29. Kb1 $1 $40 {[%mdl 128] White is up to no good.} Rab8 {[#]} 30. Qd4 $1 {[%cal Rd4g7]} Qxd4 31. Rxd4 Ng6 32. Rf1 f4 33. Nh3 Rc3 34. Nxf4 Rg3 35. Nxg6 Rxg6 {[%mdl 4096] Endgame KRR-KRR} 36. h7+ Kg7 37. Rh4 ({White should play} 37. b3 $18) 37... Rh8 (37... Kh8 $16 {keeps fighting.} 38. b3 Rg7) 38. Rhf4 f6 39. Re1 Kf8 (39... Rxh7 $16 40. Rxe7+ Kf8) 40. Rh4 $18 Rg7 41. Reh1 Rg5 42. c4 Rg3 (42... a5 $142 43. R1h2 Kg7) 43. b4 {[%cal Bb2b4,Bb4b5][%mdl 32]} a5 44. b5 Ke8 45. R1h3 Rg1+ 46. Kb2 Rg2+ $2 (46... Kd7 47. Kc3 f5) 47. Kb3 {White is clearly winning.} Kd7 48. Rh2 Rg1 49. Ka4 Kc7 50. Re2 Rg7 51. Kxa5 Rhxh7 52. Rxh7 Rxh7 53. Ka6 {Precision: White = 57%, Black = 24%.} 1-0